COMMUNITY HEATH NURSING (Record no. 1903)

MARC details
000 -LEADER
fixed length control field 00325nam a2200133Ia 4500
008 - FIXED-LENGTH DATA ELEMENTS--GENERAL INFORMATION
fixed length control field 150201s2006 xx 000 0 und d
082 ## - DEWEY DECIMAL CLASSIFICATION NUMBER
Classification number 610.7343
Item number C06S
100 ## - MAIN ENTRY--PERSONAL NAME
Personal name SRIDHAR , RAO
245 ## - TITLE STATEMENT
Title COMMUNITY HEATH NURSING
260 ## - PUBLICATION, DISTRIBUTION, ETC. (IMPRINT)
Name of publisher, distributor, etc. AITBS
Place of publication, distribution, etc. DELHI
Date of publication, distribution, etc. 2006
300 ## - PHYSICAL DESCRIPTION
Extent 5374
650 ## - SUBJECT ADDED ENTRY--TOPICAL TERM
Topical term or geographic name as entry element COMMUNITy NURSING
942 ## - ADDED ENTRY ELEMENTS (KOHA)
Source of classification or shelving scheme Dewey Decimal Classification
Koha item type Books
Koha issues (borrowed), all copies 22
Holdings
Withdrawn status Lost status Source of classification or shelving scheme Damaged status Not for loan Collection code Home library Current library Shelving location Date acquired Source of acquisition Cost, normal purchase price SGTU Total Checkouts Full call number Barcode Date last seen Date last checked out Bill Date Koha item type
    Dewey Decimal Classification     NURSING SGT Medical Library SGT Medical Library Text Book 09/02/2015 UBS DELHI 195.00 SGTU 17 610.7343 C06S FN303 19/12/2025 18/12/2025 09/02/2015 Books
    Dewey Decimal Classification     NURSING SGT Medical Library SGT Medical Library Text Book 09/02/2015 UBS DELHI 195.00 SGTU 15 610.7343 C06S FN304 22/09/2025 04/09/2025 09/02/2015 Books